[Event "PRO League Group Stage"]
[Site "chess.com INT"]
[Date "2019.02.14"]
[Round "6"]
[White "Moussard, Jules"]
[Black "Christiansen, Johan-Sebastian"]
[Result "1-0"]
[WhiteTitle "GM"]
[BlackTitle "GM"]
[WhiteElo "2605"]
[BlackElo "2559"]
[WhiteTeam "Marseille Migraines"]
[BlackTeam "Norway Gnomes"]
[WhiteFideId "642908"]
[BlackFideId "1512668"]
[EventDate "2019.01.08"]

1. Nf3 d5 2. g3 g6 3. Bg2 Bg7 4. d4 Nf6 5. O-O O-O 6. c3 c5 7. dxc5 Na6 8. b4
Re8 9. a3 e5 10. Bg5 Nc7 11. Nbd2 Nb5 12. Qc1 h6 13. Bxf6 Bxf6 14. e4 d4 15.
cxd4 exd4 16. Re1 Bg7 17. e5 a5 18. Nc4 axb4 19. axb4 Rxa1 20. Qxa1 Bg4 21. h3
Bxf3 22. Bxf3 d3 23. Bxb7 Nd4 24. Rd1 Bxe5 25. Nxe5 Rxe5 26. Rxd3 Ne2+ 27. Kg2
Qg5 28. Rf3 Re7 29. h4 Qd2 30. c6 Qxb4 31. Qa3 Qe4 32. c7 Qxb7 33. Qxe7 1-0

[Event "PRO League Group Stage"]
[Site "chess.com INT"]
[Date "2019.02.14"]
[Round "6"]
[White "Salomon, Johan"]
[Black "Fressinet, Laurent"]
[Result "0-1"]
[WhiteTitle "GM"]
[BlackTitle "GM"]
[WhiteElo "2494"]
[BlackElo "2655"]
[WhiteTeam "Norway Gnomes"]
[BlackTeam "Marseille Migraines"]
[WhiteFideId "1509500"]
[BlackFideId "608742"]
[EventDate "2019.01.08"]

1. Nf3 Nf6 2. g3 g6 3. b3 Bg7 4. Bb2 c5 5. c4 d6 6. Bg2 e5 7. O-O Nc6 8. Nc3 O-O
9. e3 Bf5 10. d4 exd4 11. exd4 Ne4 12. Na4 Re8 13. d5 Bxb2 14. Nxb2 Nc3 15. Qd2
Nd4 16. Nxd4 cxd4 17. Rfe1 Qf6 18. Nd3 Rxe1+ 19. Rxe1 Bxd3 20. Qxd3 Nxa2 21. Re4
a5 22. Qxd4 Qxd4 23. Rxd4 Nc1 24. Rd1 Nxb3 25. Be4 Nc5 26. Bc2 a4 27. Ra1 Ra5
28. Kf1 b5 29. cxb5 Rxb5 30. Ke2 Rb2 31. Kd1 Kg7 32. Ra3 Rb4 33. Kd2 Rd4+ 34.
Ke3 Rc4 35. Bd1 Kf6 36. f4 Re4+ 37. Kf3 Rd4 38. Bc2 Ke7 39. Ke3 Rc4 40. Bd1 Re4+
41. Kf3 Rd4 42. Bc2 f5 43. Ke3 Rc4 44. Bd1 Re4+ 45. Kf3 Rd4 46. Bc2 Kf6 47. Ke3
Rc4 48. Bd1 Re4+ 49. Kf3 Rd4 50. Bc2 h6 51. h4 g5 52. hxg5+ hxg5 53. Ke3 Rc4 54.
fxg5+ Kxg5 55. Bd1 Kf6 56. Bf3 Rb4 57. Ra1 Rb3+ 58. Ke2 a3 59. Kf2 Rb2+ 60. Ke3
Rb3+ 61. Kf2 Nd3+ 62. Ke2 Ne5 63. Bh5 Rxg3 0-1

[Event "PRO League Group Stage"]
[Site "chess.com INT"]
[Date "2019.02.14"]
[Round "6"]
[White "Mihajlov, Sebastian"]
[Black "Vachier-Lagrave, Maxime"]
[Result "1/2-1/2"]
[WhiteTitle "IM"]
[BlackTitle "GM"]
[WhiteElo "2363"]
[BlackElo "2780"]
[WhiteTeam "Norway Gnomes"]
[BlackTeam "Marseille Migraines"]
[WhiteFideId "1512110"]
[BlackFideId "623539"]
[EventDate "2019.01.08"]

1. d4 Nf6 2. c4 g6 3. Nc3 d5 4. cxd5 Nxd5 5. e4 Nxc3 6. bxc3 Bg7 7. Bc4 c5 8.
Ne2 Nc6 9. Be3 O-O 10. O-O Bg4 11. f3 Bd7 12. Rb1 Qc7 13. h4 Rad8 14. Rc1 b5 15.
Bxb5 Nxd4 16. Nxd4 cxd4 17. cxd4 Qb6 18. Bxd7 Rxd7 19. Qb3 Bxd4 20. Qxb6 Bxb6
21. Bxb6 axb6 22. Rf2 Ra8 23. Rb2 Kg7 24. Kh2 h5 25. Rc6 Rda7 26. Rcxb6 Rxa2 1/2-1/2

[Event "PRO League Group Stage"]
[Site "chess.com INT"]
[Date "2019.02.14"]
[Round "6"]
[White "Duda, Jan-Krzysztof"]
[Black "Keymer, Vincent"]
[Result "1-0"]
[WhiteTitle "GM"]
[BlackTitle "IM"]
[WhiteElo "2738"]
[BlackElo "2500"]
[WhiteTeam "Cannes Blitzstreams"]
[BlackTeam "Baden-Baden Snowballs"]
[WhiteFideId "1170546"]
[BlackFideId "12940690"]
[EventDate "2019.01.08"]

1. d4 d5 2. c4 c6 3. Nf3 Nf6 4. e3 a6 5. h3 Bf5 6. Nc3 e6 7. g4 Bg6 8. Ne5 Bd6
9. h4 dxc4 10. Nxc4 h5 11. Qb3 b5 12. Nxd6+ Qxd6 13. g5 Nd5 14. Bg2 Nd7 15. Bd2
O-O 16. Nxd5 exd5 17. Bb4 c5 18. dxc5 Nxc5 19. Rd1 Rad8 20. Qa3 Rc8 21. O-O a5
22. Qxa5 Qe6 23. Qxb5 Be4 24. f3 1-0

[Event "PRO League Group Stage"]
[Site "chess.com INT"]
[Date "2019.02.14"]
[Round "6"]
[White "Lagarde, Maxime"]
[Black "Agrest, Inna"]
[Result "1-0"]
[WhiteTitle "GM"]
[BlackTitle "WIM"]
[WhiteElo "2604"]
[BlackElo "2275"]
[WhiteTeam "Cannes Blitzstreams"]
[BlackTeam "Baden-Baden Snowballs"]
[WhiteFideId "662399"]
[BlackFideId "1708830"]
[EventDate "2019.01.08"]

1. b3 e5 2. Bb2 Nc6 3. e3 Nf6 4. Bb5 d6 5. Ne2 a6 6. Bxc6+ bxc6 7. O-O Be7 8. f4
e4 9. Nbc3 d5 10. Na4 O-O 11. Qc1 c5 12. Bxf6 Bxf6 13. Nxc5 Bxa1 14. Qxa1 a5 15.
Nd4 Qd6 16. Qc3 Bd7 17. a4 Bc8 18. Kf2 Qh6 19. Kg1 Qg6 20. f5 Qg5 21. Nc6 Re8
22. f6 gxf6 23. Rxf6 Bf5 24. h4 Qg4 25. Nd4 Re5 26. Nxf5 Rxf5 27. Nd7 Qd1+ 28.
Kh2 Rh5 29. Rf4 f5 30. Nf6+ Kf7 31. Nxd5 Qe1 32. Qf6+ 1-0

[Event "PRO League Group Stage"]
[Site "chess.com INT"]
[Date "2019.02.14"]
[Round "6"]
[White "Meier, Georg"]
[Black "Maze, Sebastien"]
[Result "0-1"]
[WhiteTitle "GM"]
[BlackTitle "GM"]
[WhiteElo "2623"]
[BlackElo "2596"]
[WhiteTeam "Baden-Baden Snowballs"]
[BlackTeam "Cannes Blitzstreams"]
[WhiteFideId "4675789"]
[BlackFideId "613762"]
[EventDate "2019.01.08"]

1. e4 c5 2. Nf3 Nc6 3. Bb5 g6 4. Bxc6 dxc6 5. d3 Bg7 6. O-O Bg4 7. Nbd2 Nf6 8.
h3 Bxf3 9. Nxf3 O-O 10. Be3 Nd7 11. c3 e5 12. b4 cxb4 13. cxb4 a5 14. a3 Qe7 15.
Qb3 a4 16. Qa2 h6 17. Rfd1 Rfd8 18. Qc4 Nf8 19. b5 Qe6 20. Qxe6 Nxe6 21. bxc6
bxc6 22. Rac1 c5 23. Bxc5 Nf4 24. Rb1 Ne2+ 25. Kf1 Nc3 26. Rbc1 Nxd1 27. Rxd1
Rac8 28. Bb4 f6 29. Ke2 Rc2+ 30. Bd2 Ra2 31. Rc1 Rxa3 32. Rc7 Raxd3 33. Ra7 a3
34. Ba5 R8d7 35. Ra8+ Bf8 36. Bb6 Kf7 37. g4 Rb3 38. Be3 Rb2+ 39. Kf1 a2 40. Kg2
Rd1 41. Ra7+ Ke6 0-1

[Event "PRO League Group Stage"]
[Site "chess.com INT"]
[Date "2019.02.14"]
[Round "6"]
[White "Alekseenko, Kirill"]
[Black "Droin, Augustin"]
[Result "1-0"]
[WhiteTitle "GM"]
[WhiteElo "2637"]
[BlackElo "2099"]
[WhiteTeam "Baden-Baden Snowballs"]
[BlackTeam "Cannes Blitzstreams"]
[WhiteFideId "4135539"]
[BlackFideId "45105987"]
[EventDate "2019.01.08"]

1. e4 c5 2. Nc3 d6 3. Nf3 g6 4. d4 cxd4 5. Nxd4 Bg7 6. Be3 Nf6 7. f3 Nc6 8. Qd2
O-O 9. Bc4 Bd7 10. O-O-O Rb8 11. Kb1 Ne5 12. Be2 a6 13. Bh6 b5 14. h4 Nc4 15.
Bxc4 bxc4 16. Bxg7 Kxg7 17. h5 Qb6 18. b3 cxb3 19. axb3 e6 20. Qf4 Ng8 21. Nde2
a5 22. Rxd6 Qc7 23. hxg6 fxg6 24. Qe5+ Rf6 25. Rxd7+ Qxd7 26. Qxb8 Rf8 27. Qe5+
Nf6 28. g4 Kg8 29. Rd1 Qc6 30. Rd6 Qc8 31. Qxe6+ Qxe6 32. Rxe6 Nd7 33. f4 Nf6
34. g5 Nh5 35. Nd5 1-0

[Event "PRO League Group Stage"]
[Site "chess.com INT"]
[Date "2019.02.14"]
[Round "6"]
[White "Borisek, Jure"]
[Black "Vrolijk, Liam"]
[Result "0-1"]
[WhiteTitle "GM"]
[BlackTitle "IM"]
[WhiteElo "2584"]
[BlackElo "2433"]
[WhiteTeam "Ljubljana Turtles"]
[BlackTeam "Amsterdam Mosquitoes"]
[WhiteFideId "14603152"]
[BlackFideId "1048333"]
[EventDate "2019.01.08"]

1. e4 e5 2. Nf3 Nc6 3. Bb5 Nf6 4. d3 Bc5 5. c3 O-O 6. O-O d6 7. Bg5 h6 8. Bh4 g5
9. Bg3 Bb6 10. Nbd2 Nh7 11. Nc4 h5 12. h4 Bg4 13. Nxb6 axb6 14. hxg5 Nxg5 15.
Kh1 Qf6 16. Bh4 Bxf3 17. gxf3 Qxf3+ 18. Qxf3 Nxf3 19. Bf6 Kh7 20. Kg2 Nd2 21.
Rg1 Rg8+ 22. Kh3 Nf3 23. Rg3 Rxg3+ 24. fxg3 Kg6 25. Rf1 Kxf6 26. Rxf3+ Kg6 27.
Bc4 Rf8 28. Bd5 b5 29. Kh4 Ne7 30. Be6 f6 31. a3 c6 32. d4 Kh6 33. dxe5 Ng6+ 34.
Kh3 Nxe5 35. Rf2 Re8 36. Bf5 Kg5 37. Rd2 Nc4 38. Rf2 Ne3 39. Rf3 Nxf5 40. Rxf5+
Kg6 41. Rf4 Re5 42. Kh4 d5 43. exd5 Rxd5 44. Rf2 Rd1 45. Kh3 Kg5 46. Re2 Rd7 47.
Re8 Rd2 48. b4 Rd3 49. Rg8+ Kh6 50. Rb8 Rxc3 51. Rxb7 Rxa3 52. Rc7 Rc3 53. Kh4
Rc4+ 54. Kh3 Kg6 55. Rc8 Rxb4 56. Rxc6 Rb1 57. Rc8 b4 58. Rg8+ Kf5 59. Rh8 Kg6
60. Rg8+ Kf7 61. Rh8 b3 62. Kg2 Kg6 63. Kh2 Rc1 64. Rb8 Rc2+ 65. Kh3 b2 66. Rb5
Rd2 67. g4 hxg4+ 68. Kxg4 Kf7 69. Rb6 Ke7 70. Kf5 Rf2+ 71. Ke4 Kd7 72. Ke3 Rh2
73. Kd3 Kc7 74. Rb4 Kc6 75. Kc3 f5 76. Rxb2 Rxb2 77. Kxb2 Kd5 78. Kc2 Ke4 79.
Kd2 Kf3 0-1

[Event "PRO League Group Stage"]
[Site "chess.com INT"]
[Date "2019.02.14"]
[Round "6"]
[White "Sebenik, Matej"]
[Black "Van der Lende, Ilias"]
[Result "1-0"]
[WhiteTitle "GM"]
[BlackTitle "FM"]
[WhiteElo "2540"]
[BlackElo "2334"]
[WhiteTeam "Ljubljana Turtles"]
[BlackTeam "Amsterdam Mosquitoes"]
[WhiteFideId "14602296"]
[BlackFideId "1019260"]
[EventDate "2019.01.08"]

1. c4 e5 2. g3 c6 3. Nf3 e4 4. Nd4 Nf6 5. Bg2 d5 6. cxd5 cxd5 7. d3 exd3 8. Qxd3
Nc6 9. Nc3 Be7 10. O-O O-O 11. Rd1 Be6 12. Nxe6 fxe6 13. Bh3 Kf7 14. e4 d4 15.
Ne2 e5 16. Qb3+ Ke8 17. Qxb7 Nb4 18. Qb5+ Kf7 19. a3 d3 20. axb4 dxe2 21. Qc4+
Qd5 22. Qxe2 Qxe4 23. Qxe4 Nxe4 24. Bg2 Nxf2 25. Rf1 Bxb4 26. Be3 Rab8 27. Rxf2+
Kg8 28. Rxa7 Rfd8 29. Be4 Rd1+ 30. Rf1 Bd2 31. Bxd2 Rxd2 32. b3 Rd4 33. Bf5 Rd6
34. Ra5 g6 35. Be4 Kg7 36. Bd5 e4 37. Bc4 Re8 38. Ra7+ Kh6 39. Rff7 Rd1+ 40. Kg2
Rd2+ 41. Kh3 e3 42. Rxh7+ Kg5 43. Rae7 Rf8 44. Re5+ Rf5 45. Rxf5+ gxf5 46. Re7
f4 47. Re5+ Kf6 48. gxf4 Rf2 49. Kg3 1-0

[Event "PRO League Group Stage"]
[Site "chess.com INT"]
[Date "2019.02.14"]
[Round "6"]
[White "Van Foreest, Jorden"]
[Black "Markoja, Boris"]
[Result "1/2-1/2"]
[WhiteTitle "GM"]
[BlackTitle "IM"]
[WhiteElo "2612"]
[BlackElo "2442"]
[WhiteTeam "Amsterdam Mosquitoes"]
[BlackTeam "Ljubljana Turtles"]
[WhiteFideId "1039784"]
[BlackFideId "14608502"]
[EventDate "2019.01.08"]

1. e4 c5 2. Nf3 g6 3. d4 cxd4 4. Nxd4 Nc6 5. c4 Bg7 6. Be3 Nf6 7. Nc3 Ng4 8.
Qxg4 Nxd4 9. Qd1 e5 10. Nb5 O-O 11. Bd3 Nxb5 12. cxb5 d5 13. O-O Be6 14. Qe2 Qa5
15. Rfd1 Rfd8 16. a3 d4 17. Bg5 Rdc8 18. Rdc1 Qa4 19. h3 Qb3 20. Kh2 f6 21. Bd2
Bf8 22. Be1 Bh6 23. Bd2 Bxd2 24. Qxd2 Kg7 25. Bf1 g5 26. a4 Bf7 27. Be2 h5 28.
a5 Qe6 29. Qd1 Kh6 30. Qd2 Qd6 31. h4 Kg6 32. Qd1 Kh6 33. Ra3 g4 34. Rac3 Qd8
35. Rc5 Kg7 36. b4 b6 37. Rc6 Be8 38. R6c2 Bd7 39. Bd3 Rxc2 40. Rxc2 Rc8 41. Ra2
Be6 42. Ra1 Qc7 43. axb6 axb6 44. Ra6 Kg6 45. Qe2 Qd6 46. f4 gxf3 47. gxf3 Qc7
48. Ra1 Qc3 49. Ra7 Rc7 50. Ra8 Rc8 51. Ra6 Qc1 52. Qf2 Qf4+ 53. Qg3+ Qxg3+ 54.
Kxg3 Rc3 55. Bf1 Bc4 56. Bh3 Be2 57. Bf5+ Kf7 58. Kf2 Bxf3 59. Rxb6 Bg4 60. Rc6
Rxc6 61. bxc6 Bxf5 62. exf5 Ke7 63. Kf3 Kd6 64. b5 Kc7 65. Ke4 Kd6 66. Kd3 Kc7
67. Kc4 Kd6 68. Kd3 Kc7 69. Kc4 1/2-1/2

[Event "PRO League Group Stage"]
[Site "chess.com INT"]
[Date "2019.02.14"]
[Round "6"]
[White "Spoelman, Wouter"]
[Black "Stevanic, David"]
[Result "1-0"]
[WhiteTitle "GM"]
[BlackTitle "FM"]
[WhiteElo "2578"]
[BlackElo "2304"]
[WhiteTeam "Amsterdam Mosquitoes"]
[BlackTeam "Ljubljana Turtles"]
[WhiteFideId "1010891"]
[BlackFideId "14613921"]
[EventDate "2019.01.08"]

1. c4 e5 2. Nc3 Nc6 3. Nf3 g6 4. g3 Bg7 5. Bg2 Nge7 6. O-O O-O 7. d3 d6 8. Rb1
a5 9. a3 h6 10. b4 axb4 11. axb4 Nd4 12. Bb2 Nxf3+ 13. Bxf3 f5 14. Qb3 Kh7 15.
Ra1 Rb8 16. c5 c6 17. cxd6 Qxd6 18. b5 Be6 19. Qc2 Rfc8 20. b6 Nd5 21. Na4 Qd8
22. Rfb1 Bg8 23. h4 h5 24. Qc5 f4 25. Kg2 Bf8 26. Qc1 fxg3 27. fxg3 Bh6 28. Qe1
Ne3+ 29. Kh2 Qe7 30. Qc3 Re8 31. Nc5 Bd5 32. Ne4 Bxe4 33. Bxe4 Ng4+ 34. Kg2 Be3
35. Rf1 Rf8 36. Qb3 Bc5 37. Rf3 Ne3+ 38. Kh2 Rxf3 39. exf3 Rf8 40. Ra7 Rf7 41.
Bxc6 Nf5 42. Rxb7 Qxb7 43. Bxb7 Rxb7 44. Qd5 Rxb6 45. Qxe5 Bd4 46. Bxd4 Nxd4 47.
Qxd4 Re6 48. Qd7+ 1-0

[Event "PRO League Group Stage"]
[Site "chess.com INT"]
[Date "2019.02.14"]
[Round "6"]
[White "Forcen Esteban, Daniel"]
[Black "Baldauf, Marco"]
[Result "1-0"]
[WhiteTitle "GM"]
[BlackTitle "IM"]
[WhiteElo "2567"]
[BlackElo "2485"]
[WhiteTeam "Barcelona Raptors"]
[BlackTeam "Berlin Bears"]
[WhiteFideId "2288230"]
[BlackFideId "4688210"]
[EventDate "2019.01.08"]

1. Nf3 c5 2. e4 d6 3. d4 cxd4 4. Nxd4 Nf6 5. Nc3 g6 6. Be3 Bg7 7. Qd2 O-O 8. f3
Nc6 9. Bc4 Bd7 10. O-O-O Rc8 11. Bb3 Ne5 12. Kb1 Nc4 13. Bxc4 Rxc4 14. g4 b5 15.
Ncxb5 Qb8 16. Na3 Ra4 17. Nb3 Bxg4 18. fxg4 Rxa3 19. bxa3 Nxe4 20. Qd3 Nc3+ 21.
Kc1 Rc8 22. Rdf1 d5 23. Bd4 Nxa2+ 24. Kb2 Nc3 25. Bxg7 Kxg7 26. Qd4+ e5 27. Qb4
Qc7 28. Rf2 d4 29. Rhf1 Kg8 30. Rxf7 Nd1+ 31. Ka1 Qc3+ 32. Qxc3 Nxc3 33. Rxa7
Re8 34. Rff7 e4 35. Rg7+ Kh8 36. Rxh7+ Kg8 37. Rag7+ Kf8 38. Rh8+ Kxg7 39. Rxe8
e3 40. Nxd4 1-0

[Event "PRO League Group Stage"]
[Site "chess.com INT"]
[Date "2019.02.14"]
[Round "6"]
[White "Asis Gargatagli, Hipolito"]
[Black "Berger, Steve"]
[Result "1-0"]
[WhiteTitle "IM"]
[BlackTitle "IM"]
[WhiteElo "2529"]
[BlackElo "2435"]
[WhiteTeam "Barcelona Raptors"]
[BlackTeam "Berlin Bears"]
[WhiteFideId "2260735"]
[BlackFideId "4644786"]
[EventDate "2019.01.08"]

1. e4 e6 2. d4 d5 3. Nc3 Nf6 4. e5 Nfd7 5. Nce2 c5 6. c3 Nc6 7. Nf3 Be7 8. Nf4
a5 9. Bd3 Ndb8 10. h4 cxd4 11. cxd4 Nb4 12. Bb1 a4 13. a3 N4c6 14. Bd2 Bd7 15.
Bc3 Na5 16. Bd3 Nb3 17. Rb1 Qb6 18. Ng5 g6 19. Qf3 Rf8 20. Nxh7 Rh8 21. Nf6+
Bxf6 22. exf6 Nc6 23. Ne2 O-O-O 24. Bc2 Ncxd4 25. Bxd4 Nxd4 26. Qc3+ Nc6 27.
Bxa4 d4 28. Qd2 e5 29. Rc1 Kb8 30. b4 d3 31. Qxd3 Nxb4 32. axb4 Bxa4 33. Qc3
Rhe8 34. O-O Bb5 35. Rfe1 Rc8 36. Qg3 Rxc1 37. Nxc1 Qxf6 38. Nd3 Bxd3 39. Qxd3
Qb6 40. Qa3 Re6 41. Ra1 Kc7 42. g3 e4 43. Qc3+ Qc6 44. Qe3 Kd7 45. Rc1 Qd5 46.
Qf4 Rc6 47. Re1 f5 48. Qh6 Rf6 49. Qh8 Qd6 50. Qg7+ Qe7 51. Rd1+ Ke6 52. Qg8+
Rf7 53. Qxg6+ Qf6 54. Qg8 f4 55. Qc8+ Ke5 56. Qc5+ Ke6 57. Rd6+ 1-0

[Event "PRO League Group Stage"]
[Site "chess.com INT"]
[Date "2019.02.14"]
[Round "6"]
[White "Braun, Arik"]
[Black "Diaz Camallonga, Carles"]
[Result "0-1"]
[WhiteTitle "GM"]
[BlackTitle "IM"]
[WhiteElo "2598"]
[BlackElo "2432"]
[WhiteTeam "Berlin Bears"]
[BlackTeam "Barcelona Raptors"]
[WhiteFideId "4663527"]
[BlackFideId "22235256"]
[EventDate "2019.01.08"]

1. d4 e6 2. c4 Nf6 3. Nc3 Bb4 4. Bd2 O-O 5. Nf3 d6 6. e3 Nbd7 7. a3 Bxc3 8. Bxc3
Ne4 9. Qc2 Ndf6 10. Bd3 Nxc3 11. Qxc3 Qe7 12. e4 Nh5 13. O-O-O a5 14. e5 Nf4 15.
Bf1 b6 16. h4 Bb7 17. Qe3 Bxf3 18. Qxf3 dxe5 19. g3 Ng6 20. h5 Qg5+ 21. Qe3
Qxe3+ 22. fxe3 Ne7 23. Bg2 Rad8 24. g4 exd4 25. Rxd4 e5 26. Rxd8 Rxd8 27. Be4 h6
28. Kc2 Kf8 29. Kc3 Ng8 30. Rf1 Nf6 31. Bf3 Ke7 32. b4 axb4+ 33. axb4 e4 34. Be2
Ra8 35. Kb3 c5 36. bxc5 bxc5 37. Kb2 Kd6 38. Rf5 Rc8 39. Kc3 Rc7 40. g5 Ke6 41.
Rf1 hxg5 42. Rg1 Nh7 43. Bd1 f5 44. Ba4 Rc8 45. Rd1 Nf6 46. Rg1 g4 47. Rh1 Rh8
48. Rb1 Rxh5 49. Rb7 Rh3 50. Kd2 Rh2+ 51. Ke1 g3 52. Rxg7 Ng4 53. Rg6+ Kf7 54.
Rg5 Kf6 55. Rg8 Rh1+ 56. Ke2 g2 0-1

[Event "PRO League Group Stage"]
[Site "chess.com INT"]
[Date "2019.02.14"]
[Round "6"]
[White "Bezold, Michael"]
[Black "Alvarado Diaz, Alejandro"]
[Result "1-0"]
[WhiteTitle "GM"]
[BlackTitle "IM"]
[WhiteElo "2487"]
[BlackElo "2388"]
[WhiteTeam "Berlin Bears"]
[BlackTeam "Barcelona Raptors"]
[WhiteFideId "4601718"]
[BlackFideId "2276119"]
[EventDate "2019.01.08"]

1. b3 Nf6 2. Bb2 g6 3. Bxf6 exf6 4. c4 Bg7 5. Nc3 f5 6. g3 h5 7. h4 Nc6 8. Bg2
a6 9. e3 b5 10. d4 bxc4 11. bxc4 Rb8 12. Nge2 Na5 13. c5 O-O 14. O-O Re8 15. Qa4
Nc6 16. Rab1 Rxb1 17. Rxb1 Ne7 18. Nf4 c6 19. Qc4 Bh6 20. Nd3 Bg7 21. Qb4 Kh7
22. Nb2 a5 23. Qb6 d5 24. Qxd8 Rxd8 25. Nd3 Ba6 26. Bf1 Ra8 27. Rb6 Bc8 28. Be2
Bf6 29. Kf1 Kg7 30. Ke1 Kf8 31. Kd2 Ke8 32. Nf4 Bg7 33. Bd1 Kd8 34. Ba4 Bd7 35.
Nd3 Kc7 36. Ne2 Bc8 37. Ne5 Bxe5 38. dxe5 Rb8 39. Rxb8 Kxb8 40. Nd4 Kb7 41. Ke2
Bd7 42. Kf3 Ng8 43. Kf4 f6 44. exf6 Nxf6 45. f3 Be8 46. Ke5 Ng8 47. Kd6 1-0

[Event "PRO League Group Stage"]
[Site "chess.com INT"]
[Date "2019.02.14"]
[Round "6"]
[White "Neiksans, Arturs"]
[Black "Moussard, Jules"]
[Result "0-1"]
[WhiteTitle "GM"]
[BlackTitle "GM"]
[WhiteElo "2552"]
[BlackElo "2605"]
[WhiteTeam "Norway Gnomes"]
[BlackTeam "Marseille Migraines"]
[WhiteFideId "11601388"]
[BlackFideId "642908"]
[EventDate "2019.01.08"]

1. e4 d6 2. d4 Nf6 3. Nc3 g6 4. f4 Bg7 5. Nf3 O-O 6. Bd3 Nc6 7. e5 dxe5 8. fxe5
Nh5 9. Be3 Bg4 10. Be2 f6 11. exf6 exf6 12. O-O Re8 13. Qd2 Ne7 14. h3 Be6 15.
Bd3 Nd5 16. Nxd5 Bxd5 17. c4 Bxf3 18. Rxf3 f5 19. d5 c6 20. Bc2 cxd5 21. cxd5
Qd6 22. Re1 Re5 23. Bf2 Rae8 24. Rfe3 b6 25. Ba4 Rxe3 26. Rxe3 Rxe3 27. Qxe3
Bxb2 28. Qe8+ Kg7 29. Qa8 Kh6 30. Bb3 Qf4 31. Qc6 Bd4 32. Qc2 Ng3 33. Bxd4 Qxd4+
34. Qf2 Qa1+ 35. Kh2 Nf1+ 36. Kg1 Nd2+ 37. Kh2 Qe5+ 38. Kh1 Nxb3 39. Qh4+ Kg7
40. axb3 Qxd5 41. Qe7+ Qf7 42. Qe5+ Kh6 43. h4 Qxb3 44. Qf4+ Kg7 45. Qe5+ Kf7
46. Qc7+ Ke6 47. Qxh7 Qd1+ 48. Kh2 Qd6+ 49. g3 Kd5 50. Qxa7 b5 51. Qa2+ Kc5 52.
Qc2+ Kb6 53. Kh3 Qd4 54. Qb3 Qe4 55. Kh2 b4 56. Qa4 Qe2+ 57. Kh3 Qf1+ 58. Kh2
Qe2+ 59. Kh3 Qg4+ 60. Kh2 Kc5 61. Qa7+ Kc4 62. Qc7+ Kb3 63. Qd6 Ka3 64. Qa6+ Kb2
65. Qf6+ Ka2 66. Qa6+ Kb3 67. Qe6+ Kc3 68. Qf6+ Kd3 69. Qd6+ Ke2 70. Qa6+ Kf2
71. Qb6+ Ke2 72. Qa6+ Kd2 73. Qd6+ Kc2 74. Qc6+ Kb1 75. Qh1+ Kb2 76. Qg2+ Kc3
77. Qc6+ Kd3 78. Qd6+ Ke3 79. Qb6+ Ke2 80. Qa6+ Kd2 81. Qd6+ Kc3 82. Qc6+ Kb3
83. Qe6+ Kc3 84. Qf6+ Kd3 85. Qd6+ Kc2 86. Qc6+ Kd1 87. Qd6+ Ke2 88. Qa6+ Ke3
89. Qb6+ Kd3 90. Qd6+ Kc3 91. Qf6+ Kb3 92. Qe6+ Qc4 93. Qxg6 Qe2+ 94. Kg1 Qe3+
95. Kh2 Qf2+ 96. Kh3 Qf1+ 97. Kh2 Ka2 98. Qe6+ b3 99. h5 Qf2+ 100. Kh3 Qf3 101.
h6 Qh1# 0-1

[Event "PRO League Group Stage"]
[Site "chess.com INT"]
[Date "2019.02.14"]
[Round "6"]
[White "Christiansen, Johan-Sebastian"]
[Black "Maurizzi, Marc Andria"]
[Result "1-0"]
[WhiteTitle "GM"]
[BlackTitle "CM"]
[WhiteElo "2559"]
[BlackElo "2028"]
[WhiteTeam "Norway Gnomes"]
[BlackTeam "Marseille Migraines"]
[WhiteFideId "1512668"]
[BlackFideId "36083534"]
[EventDate "2019.01.08"]

1. e4 e6 2. d4 d5 3. Nc3 Nf6 4. Bg5 dxe4 5. Nxe4 Be7 6. Bxf6 gxf6 7. Nc3 f5 8.
Qd3 a6 9. g3 Qd6 10. O-O-O c5 11. d5 e5 12. Bh3 e4 13. Qe2 O-O 14. Nxe4 Qg6 15.
d6 Bd8 16. Nxc5 Bb6 17. d7 Bxc5 18. d8=Q Nc6 19. Qd5 Ba7 20. Nf3 Be6 21. Qdd2
Rac8 22. a3 Ba2 23. Qg5 Na5 24. Rd6 Nb3+ 25. Kd1 Qxg5 26. Nxg5 Rfd8 27. Nxf7
Kxf7 28. Qe6+ Kg7 29. Qe7+ Kh8 30. Rxd8+ Rxd8+ 31. Qxd8+ Kg7 32. Qc7+ Kg6 33.
cxb3 Bxf2 34. Bxf5+ Kg5 35. Qf4+ Kf6 36. Qxf2 Bxb3+ 37. Bc2+ 1-0

[Event "PRO League Group Stage"]
[Site "chess.com INT"]
[Date "2019.02.14"]
[Round "6"]
[White "Vachier-Lagrave, Maxime"]
[Black "Salomon, Johan"]
[Result "1-0"]
[WhiteTitle "GM"]
[BlackTitle "GM"]
[WhiteElo "2780"]
[BlackElo "2494"]
[WhiteTeam "Marseille Migraines"]
[BlackTeam "Norway Gnomes"]
[WhiteFideId "623539"]
[BlackFideId "1509500"]
[EventDate "2019.01.08"]

1. g3 g6 2. Bg2 Bg7 3. c4 c5 4. Nc3 Nc6 5. e3 d6 6. Nge2 e5 7. O-O Nge7 8. a3 a5
9. Nd5 O-O 10. Nec3 Nxd5 11. Nxd5 a4 12. d3 Bd7 13. b4 axb3 14. Qxb3 Na5 15. Qb6
e4 16. Bd2 Bxa1 17. Rxa1 Qxb6 18. Nxb6 Nb3 19. Ra2 Nxd2 20. Rxd2 Bc6 21. Nxa8
Rxa8 22. Bxe4 Bxe4 23. dxe4 Rxa3 24. Rxd6 Ra4 25. e5 Rxc4 26. e6 fxe6 27. Rd8+
Kg7 28. Rd7+ Kf6 29. Rxb7 h5 30. h4 Rc1+ 31. Kg2 c4 32. Kf3 Kf5 33. Rb5+ Kf6 34.
Rc5 Rc2 35. e4 Rc3+ 36. Kf4 Rc2 37. f3 Rc3 38. e5+ Kf7 39. g4 hxg4 40. fxg4 Rc1
41. Kg5 c3 42. Rc7+ Ke8 43. Kxg6 Kd8 44. Rc4 c2 45. g5 Rh1 46. Rxc2 Rxh4 47. Kf6
Rg4 48. g6 1-0

[Event "PRO League Group Stage"]
[Site "chess.com INT"]
[Date "2019.02.14"]
[Round "6"]
[White "Fressinet, Laurent"]
[Black "Mihajlov, Sebastian"]
[Result "1-0"]
[WhiteTitle "GM"]
[BlackTitle "IM"]
[WhiteElo "2655"]
[BlackElo "2363"]
[WhiteTeam "Marseille Migraines"]
[BlackTeam "Norway Gnomes"]
[WhiteFideId "608742"]
[BlackFideId "1512110"]
[EventDate "2019.01.08"]

1. e4 e5 2. Nf3 Nc6 3. Bc4 Bc5 4. O-O Nf6 5. d3 O-O 6. h3 d6 7. c3 a5 8. Re1 Be6
9. Bb5 Bb6 10. Nbd2 Ne7 11. d4 c6 12. Bf1 Ng6 13. b3 h6 14. Ba3 Re8 15. dxe5
dxe5 16. Nc4 Bxc4 17. Bxc4 Ba7 18. Qxd8 Raxd8 19. g3 Rd7 20. Bc1 Red8 21. Kg2
Rd1 22. Bb2 Rxa1 23. Bxa1 Bb6 24. a4 Bc5 25. Bb2 Kf8 26. Bf1 Ke7 27. Bc1 Ne8 28.
Bd2 Nc7 29. h4 f6 30. b4 axb4 31. cxb4 Ba7 32. b5 cxb5 33. Bb4+ Ke8 34. Rc1 Rd7
35. axb5 Bb6 36. h5 Nf8 37. Nd2 Bd4 38. Nc4 b6 39. Nd6+ Kd8 40. Be2 Nfe6 41. Bg4
Rxd6 42. Bxd6 Nxb5 43. Bxe6 Nxd6 44. Bd5 Bc5 45. Ra1 Nc8 46. Ra8 Kc7 47. Be6 Ne7
48. Rf8 Kd6 49. Ba2 b5 50. Rf7 Nc6 51. Rxg7 Nb4 52. Bb1 Nc6 53. Rg6 Ke7 54. Rxh6
b4 55. Rh7+ Kd6 56. h6 b3 57. Rg7 b2 58. h7 1-0